| 000 | 01240nam a2200205 a 4500 | ||
|---|---|---|---|
| 001 | 14575 | ||
| 003 | CO-ViMGA | ||
| 008 | 141112s2004 ck r 000 u spa d | ||
| 020 | _a8448111583 | ||
| 040 |
_aCO-ViMGA _bspa _cCO-ViMGA |
||
| 082 | 0 | 4 | _a372.358 G653e |
| 100 | 1 |
_aVejo, Primo. _921312 |
|
| 245 | 1 | 0 | _aEducación en tecnología 4 |
| 260 |
_aSta Fe de Bogotá : _bMcGraw - Hill, _c2000 |
||
| 300 | _a207 p.il. | ||
| 505 | _aEstructuras y Rampas. Tornillo. elementos roscados. operaciones Engranajes - clasificación - aplicación - - Cepillo en madera - clases - recomendaciones - precauciones Electricidad - conceptos - elementos Sistema Axonometrico Madera - proceso de obtención - utilidades Seguridad e higiene en el puesto de trabajo Automatismo - motor - tipos - composición Esmerilado - máquinas Electrónica Perspectiva caballera - práctica Selección de personal - metodos Deforestación - efectos - lluvia ácida - efecto invernadero Torno - Paralelo - madera - partes Neumática - Sistema cónico - elementos - tipos Contratos laborales - derechos - deberes Seguridad industrial - señalización Educación en tecnología 4 | ||
| 650 | 1 | 4 |
_aeducación EN TECNOLOGIA _921313 |
| 650 | 1 | 4 | _aTECNOLOGIA |
| 942 |
_2ddc _cBK |
||
| 999 |
_c25162 _d25162 |
||